000 00375nam a2200181Ia 4500
008 151202s9999||||xx |||||||||||||| ||und||
082 _bPNVM-13822
100 _aBUCK P.
245 _aDRAGON SEED.
260 _b---
260 _c0
300 _a0
600 _aBUCK P.
630 _aDRAGON SEED.
700 _aBUCK P.
730 _aDRAGON SEED.
942 _cBOOK
999 _c1279809
_d1279806